Comuni del Canton Ticino (2026) - Statistics

Statistiche generali
  • Questo quiz è stato fatto 81 volte
  • Il punteggio medio è 43 su 100
Risposte nella Mappa
Le risposte nella mappa del quiz sottostante sono codificate secondo una scala di colori dal rosso al verde in base alla % di persone che hanno risposto correttamente.
 
Statistiche sulle risposte
Risposta % Corretto
Lugano
100%
Bellinzona
97%
Mendrisio
95%
Chiasso
92%
Locarno
92%
Biasca
86%
Airolo
81%
Ascona
81%
Faido
73%
Maggia
70%
Agno
68%
Melide
68%
Lamone
65%
Stabio
65%
Blenio
62%
Bosco Gurin
62%
Gambarogno
62%
Riva San Vitale
62%
Caslano
59%
Verzasca
59%
Acquarossa
57%
Bioggio
57%
Cadempino
57%
Centovalli
57%
Brissago
54%
Monteceneri
54%
Cadenazzo
51%
Minusio
51%
Paradiso
51%
Tresa
51%
Collina d'Oro
49%
Magliaso
49%
Manno
49%
Sant'Antonino
49%
Bissone
46%
Massagno
46%
Morcote
46%
Riviera
46%
Vezia
46%
Balerna
43%
Pollegio
43%
Quinto
43%
Alto Malcantone
41%
Capriasca
41%
Grancia
41%
Ronco sopra Ascona
41%
Bedretto
38%
Cademario
38%
Castel San Pietro
38%
Gordola
38%
Losone
38%
Muzzano
38%
Novazzano
38%
Onsernone
38%
Sorengo
38%
Canobbio
35%
Coldrerio
35%
Lema
35%
Lumino
35%
Morbio Inferiore
35%
Muralto
35%
Porza
35%
Pura
35%
Arbedo-Castione
32%
Bedano
32%
Breggia
32%
Brione sopra Minusio
32%
Cevio
32%
Comano
32%
Giornico
32%
Lavizzara
32%
Aranno
30%
Arogno
30%
Isone
30%
Savosa
30%
Tenero-Contra
30%
Vacallo
30%
Vernate
30%
Brusino Arsizio
27%
Cureglia
27%
Gravesano
27%
Lavertezzo
27%
Neggio
27%
Origlio
27%
Vico Morcote
27%
Orselina
24%
Serravalle
24%
Terre di Pedemonte
24%
Torricella-Taverne
24%
Val Mara
24%
Personico
22%
Ponte Capriasca
22%
Avegno Gordevio
19%
Campo (Vallemaggia)
19%
Dalpe
19%
Mezzovico-Vira
19%
Cerentino
16%
Cugnasco-Gerra
16%
Mergoscia
16%
Linescio
11%
Nessun quiz corrispondente trovato
Distribuzione punteggi
Percentuale di utenti per punteggio
Percentile per numero di risposta
I tuoi punteggi nel tempo
Non hai fatto questo quiz